Statistics for Five Letter Geography #1

Click here to take the quiz!

General Stats

  • This quiz has been taken 117,662 times
    (70,620 since last reset)
  • The average score is 14 of 22

Answer Stats

DescriptionAnswer% Correct
"Land of the Rising Sun"Japan
95%
Capital of the above countryTokyo
92%
The second largest state in the U.S.Texas
91%
Another name for MyanmarBurma
90%
"The City of Lights"Paris
84%
Country that borders only Saudi ArabiaQatar
82%
Mediterranean island nationMalta
79%
Pyongyang's peninsulaKorea
75%
Mountainous region annexed
by China in 1950
Tibet
74%
Spanish island with many of
the world's top-rated night clubs
Ibiza
73%
River on which the above sitsSeine
71%
Egyptian peninsula once held by IsraelSinai
56%
Far northwestern Canadian territoryYukon
56%
Island of Minoan civilizationCrete
55%
Second longest river in AfricaCongo
54%
Europe's longest riverVolga
53%
Pakistani river home to an
ancient civilization
Indus
46%
Third longest river in AfricaNiger
41%
Capital of the aboveLhasa
37%
Largest island of the PhilippinesLuzon
35%
Term for the vast subarctic
forest biome
Taiga
35%
Bay with the world's highest tidesFundy
22%

Score Distribution

Percentile by Number Answered

Percent of People with Each Score

Your Score History

You have not taken this quiz since the last reset